[Event "Moscow Aeroflot op-A"]
[Site "Moscow"]
[Date "2007.02.14"]
[Round "1"]
[White "Timofeev, Artyom"]
[Black "Azarov, Sergei Nikolaevich"]
[Result "1-0"]
[WhiteElo "2663"]
[BlackElo "2583"]
[Annotator "Rogozenco,D"]
[PlyCount "71"]
[EventDate "2007.02.14"]
[EventType "swiss"]
[EventRounds "9"]
[EventCountry "RUS"]
[SourceTitle "CBM 117"]
[Source "ChessBase"]
[SourceDate "2007.03.30"]
[SourceVersion "1"]
[SourceVersionDate "2007.03.30"]
[SourceQuality "1"]

1. e4 c5 2. Nf3 d6 3. d4 cxd4 4. Nxd4 Nf6 5. Nc3 g6 6. Be3 Bg7 7. f3 O-O 8. Qd2
Nc6 9. Bc4 Bd7 10. O-O-O Rc8 11. Bb3 Ne5 12. Kb1 $1 {This continues to remain
a real headache for the Dragon players.} Re8 13. h4 h5 (13... Nc4 14. Bxc4 Rxc4
15. h5 ({or simply} 15. g4 $14 {/+/-}) 15... Nxh5 16. g4 Nf6 17. Nd5 {
transposes to a well-known favourable position for White, with more than
enough compensation for the pawn.}) 14. Bh6 Bh8 {This is considered very
dangerous for Black, which is confirmed by the present game. On the other hand
Black has also problems in all other lines.} (14... Qa5 15. g4 Rxc3 (15... Nc4
16. Bxc4 Rxc4 17. Bxg7 Kxg7 18. gxh5 Nxh5 19. Nde2 Rec8 20. Rhg1 b5 21. Rg5 $16
f6 $2 22. Rxh5 $1 gxh5 23. Rg1+ $18 {1/2-1/2 Tancsa,R (2209)-Palkovi,J (2474)/
Paks 2000 (67)}) 16. Bxg7 Kxg7 17. bxc3 Rc8 18. gxh5 ({better than} 18. g5 Ne8)
18... Nxh5 19. Rhg1 Qxc3 (19... Nc4 20. Bxc4 Rxc4 21. Rg5 Qxc3 22. Qxc3 Rxc3
23. Kb2 $14 {1/2-1/2 Schneider,I (2367)-Martinez,M (2396)/Internet 2006 (43)})
20. Qg5 Nf6 21. h5 $16 {1-0 Seres,L (2440)-Aagaard,J (2343)/Budapest 2003 (33)}
) (14... Nc4 15. Bxc4 Rxc4 16. Bxg7 Kxg7 17. Nd5 e5 (17... Nxd5 18. exd5 $16)
18. Nxf6 Qxf6 19. Nb3 Re6 (19... Rc6 $2 20. Na5 Rb6 21. Nc4 $18) 20. Qa5 {
Apart from this White has at least two other attractive moves with the queen,
planning activity on the kingside.} (20. Qe3 b6 21. Nc1 Bc6 22. b3 Rc5 23. Nd3
Ra5 24. c4 Bb7 {and now in the game Zorko,J (2335)-Nithander,V (2232)/Herceg
Novi 2005 White had to continue} 25. g4 $16 {with clear advantage}) (20. Qd3 b5
21. g3 Rc8 {Novak,K (2119)-Schoene,M (2035)/Chalkidiki 2003} 22. g4 $36) 20...
Ra4 (20... a6 21. Qb6 Bc8 22. Na5 d5 23. Qa7 Rd4 24. Qc5 Re8 {Tomilova,E (2221)
-Pogonina,N (2382)/Samara 2004} 25. Rxd4 exd4 26. Qxd5 Re5 27. Qc4 $14) {
This position happened in 1/2-1/2 Ponomariov,R (2684)-Tiviakov,S (2599)/Moscow
2001, where after 21.Qc3 Qd8 22.Rd2 Qb6 23.Nc1 Bb5! Black succeeded to make a
draw. However, White keeps a clear advantage after} 21. Qc7 $1 Bc6 22. Rd2 {
For instance:} Ra6 23. Nc1 $5 Rb6 (23... Qf4 24. Rhd1 Qxh4 25. Rxd6 $16 {
[%csl Ra6,Rg7][%cal Gd6d8]}) 24. Ne2 $16 {[%cal Ge2c3]}) (14... Bxh6 15. Qxh6
Rxc3 16. bxc3 $16) (14... Rc5 15. g4 $16 hxg4 $140 16. h5 Nxh5 17. Rxh5 $18)
15. g4 Nc4 (15... Qa5 16. gxh5 ({Strong is also} 16. g5 Nh7 17. f4 Nc4 (17...
Ng4 18. f5 $16) 18. Qd3 $16) 16... Nxh5 17. Rhg1 $14 {/+/-, 1-0 Perelshteyn,E 
(2442)-Kudrin,S (2542)/Seattle 2003 (36)}) ({After} 15... hxg4 {the most
convincing is} 16. h5 $1 Nxh5 (16... gxh5 17. Qg5+ Kh7 18. Rxh5 $18) 17. Rxh5
$1 gxh5 18. Qg5+ Kh7 19. Qxh5 $18) 16. Qd3 {White has also other good
alternatives:} (16. Qe2 Qc7 17. gxh5 Nxh5 18. Ndb5 (18. Rhg1 Nxb2 19. Nd5 Nxd1
20. Qxd1 $44) 18... Bxb5 19. Nxb5 Qc6 20. Rd5 $5 Kh7 (20... Ng3 21. Qg2 Nxh1
22. h5 e6 23. hxg6 exd5 24. g7 Nd2+ 25. Ka1 $18) 21. Bc1 $16 {1-0 Rowson,J 
(2512)-Shahade,J (2302)/Reykjavik 2002 (47)}) ({or} 16. Bxc4 Rxc4 17. gxh5 Nxh5
(17... Nxe4 18. fxe4 Rxd4 19. Qg2 $36) 18. Nde2 $14 (18. Be3 $14)) 16... b5 (
16... Ne5 17. Qe2 Nfxg4 18. Bf4 Nf6 19. Rhg1 $44 Rxc3 (19... Kf8 20. Nf5 $5 $40
) 20. bxc3 e6 21. Bxe5 dxe5 22. Nxe6 fxe6 23. Rxg6+ Kf7 24. Qg2 Qc7 25. Qg5 $18
{1-0 Szabo,Z (2425)-Jovanovic,Z (2407)/Kaposvar 2001 (31)}) 17. gxh5 $146 {
White opens the g-file and sends the opponent's knight to the edge.  It turns
out that this typical capture is a novelty.} ({The previously played} 17. Ndxb5
{is just bad:} Bxb5 18. Nxb5 Nxb2 19. Kxb2 Nxg4+ 20. Kb1 Nxh6 21. Rhg1 Kh7 $17
{0-1 Iskos,A (2013)-Pavlidis,A (2124)/Kallithea 2006(32)}) 17... Nxh5 18. Rhg1
$16 e6 19. Bc1 Qf6 (19... Qxh4 20. Ndxb5 $16) 20. Nde2 d5 21. f4 $1 {A strong
and clear idea - to close the long diagonal.} ({The computer shows that even
after} 21. exd5 exd5 22. Nxd5 Qe5 (22... Na3+ $2 23. Ka1 Qg7 24. Rxg6 $5 $18)
23. Nec3 Bf5 24. f4 $1 Qe6 25. Qf3 {White's chances are preferable. However,
Timofeev's decision looks more impressive and reliable.}) 21... b4 ({After} 
21... Qxh4 {White can continue} 22. e5 {anyway} ({Also good is} 22. f5 $5) ({or
} 22. exd5 $5)) 22. e5 $1 {Black remains with two minor pieces out of play.}
Qd8 (22... Qxh4 {changes nothing:} 23. Rh1 Qe7 24. Rxh5 $1 gxh5 25. Rg1+ Bg7
26. Ng3 $1 Na3+ (26... Qh4 27. Nce4 $1 dxe4 28. Nxe4 {with the decisive attack:
} Bb5 29. Nf6+ Kf8 (29... Qxf6 30. exf6 Na3+ 31. bxa3 Bxd3 32. cxd3 $18) 30.
Bxc4 Bxc4 31. Qd6+ Re7 32. Rg5 $1 Qh2 33. Nd7+ Ke8 34. Rxg7 $18) (26... Kh8 27.
Nxh5 $18 {[%cal Gd3h3]}) 27. Ka1 Qh4 28. Rh1 (28. Nce4 $2 dxe4 29. Nxe4 Bb5 30.
Nf6+ Qxf6 $1) 28... Qg4 29. Nxh5 $18) 23. Ne4 ({Also possible was} 23. Nxd5
exd5 24. Bxc4 Rxc4 25. Qxd5 $16 Rc7 $140 26. Rxg6+ Ng7 27. Rd6 $18) 23... Bb5 (
23... dxe4 24. Qxd7 Qxd7 25. Rxd7 a5 26. Rgd1 Nb6 27. Ra7 Ra8 28. Rxa8 Rxa8 29.
c3 $16 {[%csl Re4,Rh5,Rh8][%cal Gb3c2]}) 24. Qh3 Nxb2 (24... Qc7 25. Nd4 dxe4 (
25... Ba6 26. Bxc4 Bxc4 27. Nd6 $18) 26. Nxb5 Qc5 27. Nd6 Nxd6 28. exd6 Rcd8
29. Rg5 Qc6 30. f5 $18) 25. Bxb2 Bxe2 26. Rd2 Bc4 (26... Nxf4 27. Qh2 Bf3 28.
Nd6 $18) 27. Nd6 $18 {The game is over. White wins the exchange and remains
with all positional pluses.} Bxb3 28. axb3 Bg7 (28... Nxf4 29. Qg4 $18) 29. Rg5
{On top of all, White has the decisive attack.} Rc3 (29... Re7 30. Rdg2 (30. f5
exf5 31. Nxf5 gxf5 32. Rxh5 $18)) 30. Bxc3 bxc3 31. Rdg2 Re7 (31... Nxf4 32.
Qf3 Nxg2 33. Qxf7+ Kh8 34. Nxe8 $18) 32. Rxh5 gxh5 33. f5 exf5 34. Nxf5 Rxe5
35. Rxg7+ Kh8 36. Rg1 1-0

[Event "London"]
[Site "London"]
[Date "1997.10.21"]
[Round "6"]
[White "McShane, Luke J"]
[Black "Dunnington, Angus J"]
[Result "1-0"]
[WhiteElo "2455"]
[BlackElo "2420"]
[Annotator "Rogozenco,D"]
[PlyCount "73"]
[EventDate "1997.10.18"]
[EventType "tourn"]
[EventRounds "9"]
[EventCountry "ENG"]
[EventCategory "10"]
[SourceTitle "CBM 062"]
[Source "ChessBase"]
[SourceDate "1998.01.31"]
[SourceVersion "1"]
[SourceVersionDate "1998.01.31"]
[SourceQuality "1"]

1. e4 {Schulz,A} c5 2. Nf3 d6 3. d4 Nf6 4. Nc3 cxd4 5. Nxd4 g6 6. Be3 Bg7 7. f3
Nc6 8. Bc4 O-O 9. Qd2 Bd7 10. O-O-O Ne5 11. Bb3 Rc8 12. h4 h5 13. Bg5 Rc5 14.
Kb1 b5 15. g4 a5 {One of the most sharpest lines in the Dragon.} (15... hxg4 {
Schulz,A} 16. h5 {- Survey CBM54}) 16. gxh5 Nxh5 ({Schulz: Die Alternative ist
} 16... a4 {Schulz,A}) 17. Nd5 Re8 18. Nf4 (18. a3 Nc4 19. Qd3 Be6 20. c3 Bxd5
21. exd5 Qc8 $15 {Short,N-Georgiev,K/Novi Sad olm 1990}) 18... a4 $2 {It seems
Black didn`t know the variation. 18. ... Nf4 is considered necessary here.
This shows one more time that if one plays the Dragon, one should be very well
prepared.} (18... Nxf4 19. Qxf4 Nc4 (19... a4 20. Bd5 Qc8 21. h5 gxh5 22. Bh6
Rxd5 23. Bxg7 Rxd4 24. Bxe5 $18 {Rodriguez Lopez,R-Raineri,P/Vendrell op 1996})
20. Qg3 Qb6 $13 21. Bxc4 (21. h5 a4 22. Bxc4 bxc4 23. hxg6 Rxg5 24. Qxg5 Rb8
25. gxf7+ Kxf7 26. b3 cxb3 27. cxb3 axb3 28. Nxb3 Qf2 29. Qd2 Qc5 30. f4 Be6
31. Qc1 Bxb3 32. axb3 Rxb3+ 33. Ka2 Qb5 {0-1 Kiss,G-Farago,S/Budapest FS04 IM
1997/EXP 57}) 21... bxc4 22. c3 e5 23. Nf5 Bxf5 24. exf5 d5 $17 {Rodriguez,
R-Marin,M/Barcelona op9394}) (18... Nc4 $6 19. Bxc4 Rxc4 20. Nde2 $16) 19. Nxh5
$1 gxh5 (19... axb3 20. Nxg7 (20. Nxb3 Nc4 21. Qg2 {Schulz,A} Rxg5 (21... Rc8
22. Nxg7 Kxg7 23. h5 $18) 22. Qxg5 Bxb2 23. Nf4 (23. Rhg1 Qc7 24. Rg2 (24. Nf4
$2 Na3+ 25. Kxb2 Qxc2+ 26. Kxa3 (26. Ka1 Qc3#) 26... Ra8+ 27. Na5 Qc3#) 24...
Qa7 25. Qh6 Qe3 $1 $11) 23... Bf6 $132) 20... bxa2+ (20... Nxf3 21. Qf2 (21.
Nxf3 bxc2+ 22. Ka1 cxd1=Q+ 23. Qxd1 (23. Rxd1 Kxg7 $19) 23... Kxg7 24. h5 Bg4
25. hxg6 Rh8 $19) 21... bxa2+ 22. Ka1 Nxd4 (22... Kxg7 23. Qxf3 $18) 23. Qxd4 (
23. Nxe8 $4 Nxc2+ $19) 23... Rc4 $13) 21. Ka1 Kxg7 22. h5 $40) 20. Bd5 Rxd5 (
20... Kh7 21. Rhg1 $16) 21. exd5 Nc4 22. Qe2 (22. Qe1 Qb6 23. Rg1 Kh8 24. Be3
$16) 22... Qa5 23. Rhg1 Kh8 (23... a3 $2 {Schulz,A} 24. Bh6 $18) 24. Bc1 a3 25.
Nb3 (25. Rxg7 $5 Kxg7 26. Rg1+ Kh8 27. Qg2 Bg4 28. fxg4 axb2 29. Bxb2 $18)
25... axb2 26. Bxb2 (26. Nxa5 $4 Na3#) 26... Na3+ (26... Bxb2 $4 {Schulz,A} 27.
Nxa5) 27. Kc1 (27. Bxa3 Qxa3 28. Rxg7 Kxg7 29. Rg1+ Kf8 30. Qd2 e5 31. Qh6+ Ke7
32. Rg7 $18) 27... Bxb2+ 28. Kxb2 Qb4 (28... Nc4+ 29. Qxc4 $18) 29. Qe1 Nc4+
30. Ka1 Qa3 31. Qc3+ f6 32. Rd3 (32. Rg5 $2 {Schulz,A} Bg4 $1 (32... Ra8 33.
Rxh5+ Kg7 34. Rg1+ Kf7 35. Rh7+ Kf8 36. Rh8+ $18) 33. fxg4 Ra8 34. Rxh5+ Kg8
35. Kb1 Qxa2+ 36. Kc1 Qa3+ $11) 32... Ra8 (32... Bf5 {Schulz,A} 33. Nd4 (33.
Rdd1 $2 Ra8 $19) 33... Bxd3 34. Qxa3 Nxa3 35. cxd3 $16 {[%csl Ra3,Rb5]}) 33.
Nc1 Qc5 (33... Bf5 $1 34. Qxa3 Nxa3 35. Rc3 Nxc2+ 36. Kb2 Nb4 37. Rd1 $16) 34.
Re1 $18 b4 35. Qd4 Qc7 36. Rxe7 Ne5 37. Qf4 1-0

[Event "Bad Homburg"]
[Site "Bad Homburg"]
[Date "1998.07.19"]
[Round "3"]
[White "Lobron, Eric"]
[Black "Zhu, Chen"]
[Result "1-0"]
[WhiteElo "2540"]
[BlackElo "2490"]
[Annotator "Rogozenco,D"]
[PlyCount "83"]
[EventDate "1998.07.17"]
[EventType "tourn"]
[EventRounds "9"]
[EventCountry "GER"]
[EventCategory "13"]
[SourceTitle "CBM 066"]
[Source "ChessBase"]
[SourceDate "1998.09.30"]
[SourceVersion "1"]
[SourceVersionDate "1998.09.30"]
[SourceQuality "1"]

1. e4 {Schulz,A} c5 2. Nf3 d6 3. d4 cxd4 4. Nxd4 Nf6 5. Nc3 g6 6. Be3 Bg7 7. f3
Nc6 8. Qd2 O-O 9. Bc4 Bd7 10. O-O-O Rc8 11. Bb3 Ne5 12. Kb1 $1 {This quiet
move seems to be a real headache for Dragon-players. White prepares the
kingside attack but right now he is waiting to see how Black will create
counterplay. That´s why White´s next moves depends on Black´s play. Schulz:
Beim Fussball nennt man das "Tempo aus dem Spiel nehmen". Der Zug leistet
einen Beitrag zur Sicherheit des weißen Königs und stellt Schwarz die Frage,
wie er eigentlich aktiv werden will.} Nc4 ({Schulz,A: Ein eher dubioses
Bauernopfer ist} 12... b5) ({Schulz,A: während} 12... a5 {eine ernsthafte
Alternative ist.}) (12... Qe8 $5 {Schulz,A: möchte b7-b5 durchsetzen, aber
natürlich steht die Dame hier schlechter.}) 13. Bxc4 Rxc4 14. g4 $1 {Now Black
faces a big problem: what to do? To prepare b7-b5 by means of Qd8-b8 or a7-a6
seems to be too slow - White is ready to start a strong attack with h4-h5. The
immidiate b7-b5 comes into consideration, but the forced play which follows
after that looks in White´s favour.} (14. b3 {Too premature here.} Rc8 (14...
Rc5 $2 15. Ne6 fxe6 16. Bxc5 dxc5 17. e5 Qa5 18. exf6 Bxf6 19. Ne4 Qxd2 20.
Rxd2 $18 {Murrey,J-Reeve,J/Open, Quebec CAN 1997}) 15. g4 Qc7 16. Nde2 Bc6 17.
h4 Rfd8 18. Nf4 d5 $1 $132 {Ferrer,P-Marin,M/Ubeda op 1996}) 14... b5 (14...
Qc7 15. g5 Nh5 16. Nd5 Qd8 17. Ne2 Be6 (17... e6 18. Ndf4 Nxf4 19. Nxf4 Rc6 20.
h4 Qc7 21. h5 Rc8 22. Rc1 Ra6 23. hxg6 hxg6 24. c4 $16 {Kolev,A-Alterman,B/
Elenite 1995}) 18. Qd3 (18. Ng3 $16) 18... Bxd5 19. exd5 Ra4 20. Qb5 Qa5 21.
Qxa5 Rxa5 22. Ng3 Rc8 23. Nxh5 gxh5 24. b3 $16 {Tiviakov,S-Alterman,B/3rd TCN
Cup, Beijing CHN 1997}) 15. b3 $1 $16 (15. h4 {Also possible, but the text
move looks stronger.} b4 16. Nce2 Qc7 17. h5 (17. Bh6 Bxh6 18. Qxh6 e5 19. h5
exd4 20. g5 Nxh5 21. Rxh5 gxh5 22. Nf4 {Agnos,D-Riemersma,L/Paris op 1996})
17... Rc8 18. Bh6 Bh8 19. Rc1 Qc5 20. Be3 $13 {Agnos,D-Sluka,R/Komercni Banka,
Pardubice CZE 1997}) 15... Rc5 {Loses material.} (15... Rc8 16. Ndxb5 Qa5 17.
a4 a6 18. Nd5 Qxd2 19. Nxe7+ Kh8 20. Rxd2 Rce8 21. Nf5 $5 (21. Nxg6+ fxg6 22.
Nxd6 Re6 23. Nb7 Bc8 24. Nc5 Rc6 25. h3 g5 $11 {Topalov,V-Tiviakov,S/
Rubinstein mem 1995}) (21. Nxd6 $1 Rxe7 22. Bc5 $1 {with very strong position
for White.}) 21... gxf5 22. Nxd6 fxg4 23. Nxe8 Rxe8 24. Bd4 Bc6 25. Bxf6 Bxf6
26. Rd6 Re6 27. Rxe6 fxe6 28. fxg4 Bc3 $13 {Timoshenko,G-Rogozenko,D/Open 1998}
) (15... Rc8 {Schulz,A}) 16. Ne6 fxe6 17. Bxc5 {+/- Schulz: Damit hat Schwarz
eine Qualität weniger für nicht viel. In der Praxis hat sich Weiß in dieser
Stellung bisher immer durchgesetzt} Qc7 (17... Ne8 18. Bd4 e5 19. Bxa7 Rxf3 20.
Rhf1 Bxg4 21. Rxf3 Bxf3 22. Rf1 Bg4 23. Qd5+ Kh8 24. Qxb5 $18 {Tiviakov,
S-Komljenovic,D/Anibal Open Linares ESP 1998}) (17... dxc5 18. e5 $18 Nd5 {
Schulz,A} 19. Nxd5 Bxe5 20. Nxe7+ Qxe7 21. Qxd7 $18) 18. Bd4 Rc8 19. g5 {
Schulz,A: Damit klärt Weiß die Lage auf der langen Diagonalen.} Nh5 20. Bxg7
Kxg7 21. Ne2 {[%csl Rh5][%cal Re2d4,Re2g3] Black is lost. All this was
well-known, so I wonder how can one play such sharp variation without home
analysis?} e5 22. Rc1 Qc5 $2 (22... Rf8 23. Rhf1 Nf4 24. Nxf4 Rxf4 {and white
still has to solve some technical problems.}) 23. f4 $18 Bc6 (23... exf4 {
Schulz,A} 24. Nxf4 Nxf4 (24... Qxg5 25. Ne6+) 25. Qxf4 Rf8 26. Qh4 Kg8 27. Rhf1
{[%csl Rf8][%cal Yh4h6]}) 24. Rhe1 Bxe4 25. Nd4 $1 Qd5 (25... Bd5 26. fxe5 $18)
(25... Qxd4 {Schulz,A} 26. Qxd4 exd4 27. Rxe4) (25... exd4 {Schulz,A} 26. Rxe4
e5 27. fxe5 dxe5 28. Rce1 Nf4 29. Rxe5 Nd5 30. Kb2) 26. fxe5 Kg8 (26... dxe5
27. Ne6+ (27. Qb4 {Schulz,A} Z0 28. Rxe4 Qxe4 29. Ne6+) 27... Qxe6 28. Rxe4 $18
) 27. exd6 exd6 28. Qe2 Re8 (28... Bf5 {Schulz,A} 29. Nxf5 Qxf5 30. Qe6+) 29.
Qxb5 {[%cal Rb5e8]} Qf7 30. Qb4 Qf4 31. Qc4+ d5 32. Qc6 Ng7 33. Qf6 Qxf6 (33...
Qxh2 34. Rf1 Qc7 35. Nb5 Qd7 36. Nd6 $18) 34. gxf6 Nh5 35. Rf1 Kf7 36. Rf2 a6
37. Kb2 g5 38. Rg1 Rg8 39. Nf3 Ke6 40. f7 Rf8 41. Rxg5 Nf6 42. Rg7 1-0

[Event "RUS-Cup03 Geller Memorial"]
[Site "Moscow"]
[Date "1999.02.14"]
[Round "5"]
[White "Motylev, Alexander"]
[Black "Solovjov, Sergey"]
[Result "1-0"]
[WhiteElo "2505"]
[BlackElo "2447"]
[Annotator "Rogozenco,D"]
[PlyCount "45"]
[EventDate "1999.02.10"]
[EventType "swiss"]
[EventRounds "9"]
[EventCountry "RUS"]
[SourceTitle "CBM 070"]
[Source "ChessBase"]
[SourceDate "1999.06.08"]
[SourceVersion "1"]
[SourceVersionDate "1999.06.08"]
[SourceQuality "1"]

1. e4 {Schulz,A} c5 2. Nf3 d6 3. d4 cxd4 4. Nxd4 Nf6 5. Nc3 g6 6. Be3 Bg7 7. f3
Nc6 8. Qd2 O-O 9. Bc4 Bd7 10. O-O-O Ne5 11. Bb3 Rc8 12. Kb1 $1 {Usually
exclamation mark in such an early stage is given for psychological resons, but
here I think it´s simply very strong. I know it sounds ridiculous, but I can´t
help thinking about the refutation of Dragon. Schulz,A: 'Das ist weniger
scharf als z.B. 12.h2-h4, aber Schwarz hat auch hier kein leichtes Leben.'} Nc4
(12... a5 {is probably best met by} 13. a4 $16) 13. Bxc4 Rxc4 14. g4 b5 (14...
Qc7 15. g5 Nh5 16. Nd5 Qd8 17. Ne2 Be6 {'<=>' Schulz,A. is another possibility.
} 18. Bxa7 $1 {The few games played with this simple move were convincingly
won by White. I think there is no real compensation here.} (18. Ng3 Bxd5 {
is probably OK for Black.})) 15. b3 Rc8 (15... Rc5 {Looses immidiately.} 16.
Ne6 fxe6 17. Bxc5 dxc5 18. e5 $18) 16. Ndxb5 Qa5 {Now there is a forced
variation played first in the game Topalov-Tiviakov, Polanica Zdroj 1995. The
game ended draw, that´s why the whole line was considered playable with Black.
But after several years considerable improvments were found for White.} 17. a4
a6 18. Nd5 Nxd5 $146 {'?' Schulz,A. Interesting attempt to improve the
variation, but unfortunately it´s too nice to be true. White just has a big
material advantage for nothing. Schulz,A: 'Schwarz dachte wohl, genug Steine
für die Dame zu bekommen. '} (18... Qxd2 19. Nxe7+ Kh8 20. Rxd2 Rce8 21. Nxg6+
(21. Nf5 gxf5 22. Nxd6 fxg4 $8 23. Nxe8 Rxe8 24. Bd4 Bc6 $1 25. Bxf6 Bxf6 26.
Rd6 Re6 $13 {Timoshenko-Rogozenko, Cappelle la Grande 1998}) (21. Nxd6 $1 Rxe7
22. Bc5 {is another strong continuation. Although it wasn´t played yet, I
think White is clear better here too.}) 21... fxg6 22. Nxd6 Re6 23. Bc5 $1 (23.
Nb7 $6 Bc8 24. Nc5 {Schulz,A: '1/2-1/2 Topalov,V-Tiviakov,S/Polanica Zdroj
1995/CBM 49 (31)'} Rc6 25. h3 $6 g5 $1 {and Black managed to hold the position
in Topalov-Tiviakov, Polanica Zdroj 1995}) 23... Bc6 24. Nc4 Rb8 25. Rd6 Rxd6
26. Bxd6 $16 {Bologan-Fedorov, Calcutta 1999}) 19. Qxa5 Nxe3 20. Nc7 $1 $18 Rb8
(20... Nxd1 21. Rxd1 $18) 21. Nd5 Nc4 (21... Nxd1 {Schulz,A} 22. Nxe7+ Kh8 23.
Rxd1 $18) 22. Qc7 Na3+ 23. Ka2 1-0

[Event "Hoogovens"]
[Site "Wijk aan Zee"]
[Date "1999.01.31"]
[Round "13"]
[White "Svidler, Peter"]
[Black "Van Wely, Loek"]
[Result "1/2-1/2"]
[WhiteElo "2713"]
[BlackElo "2636"]
[Annotator "Rogozenco,D"]
[PlyCount "58"]
[EventDate "1999.01.16"]
[EventType "tourn"]
[EventRounds "13"]
[EventCountry "NED"]
[EventCategory "17"]
[SourceTitle "CBM 069"]
[Source "ChessBase"]
[SourceDate "1999.04.01"]
[SourceVersion "1"]
[SourceVersionDate "1999.04.01"]
[SourceQuality "1"]

1. e4 {Schulz,A} c5 2. Nf3 Nc6 3. Nc3 {Avoiding Sveshnikov variation.} g6 4. d4
cxd4 5. Nxd4 Bg7 6. Be3 Nf6 7. Bc4 (7. f3 {Now it´s impossible to play the
lines with the long castle and Bishop on f1. Black can play d7-d5 immidiately.}
O-O 8. Qd2 $2 d5) 7... O-O 8. Bb3 (8. f3 Qb6 {is good for Black.}) 8... d6 9.
f3 Bd7 10. Qd2 Rc8 (10... Nxd4 11. Bxd4 b5 {is another possibility here,
exploiting the fact that White had to play early Bc4-b3.}) 11. O-O-O Ne5 12.
Kb1 {This line became very popular lately. Till now Black wasn´t able to prove
a clear way to equalise.} (12. h4 {Schulz,A usw.}) 12... Nc4 13. Bxc4 Rxc4 14.
g4 {Schulz,A: 'Mit dieser weniger scharfen weißen Vorgehensweise (12.Kb1)
hatte Schwarz in letzter Zeit große Mühe.'} Qc7 $5 (14... b5 $2 15. b3 Rc8 (
15... Rc5 $2 16. Ne6 fxe6 17. Bxc5 Qc7 18. Bd4 Rc8 19. g5 $18 {Lobron-Zhu Chen,
Bad Homburg 98}) 16. Ndxb5 Qa5 17. a4 a6 18. Nd5 Qxd2 19. Nxe7+ Kh8 20. Rxd2
Rce8 21. Nxd6 (21. Nf5 gxf5 22. Nxd6 fxg4 23. Nxe8 Rxe8 24. Bd4 Bc6 $1 25. Bxf6
Bxf6 26. Rd6 Re6 27. Rxe6 fxe6 28. fxg4 Bc3 $1 $13 {Timoshenko-Rogozenko,
Cappelle la Grande 98}) 21... Rxe7 22. Bc5 $1 $16 {Bologan-Fedorov, Calcutta 99
}) 15. g5 Nh5 16. Nd5 Qd8 17. Ne2 Be6 18. Ng3 {Trying to make an improvement
over the first game with this variation.} (18. Qd3 Bxd5 19. exd5 Qc7 {'?!'
Schulz,A.} (19... Ra4 $6 20. Qb5 Qa5 21. Qxa5 Rxa5 22. Ng3 $14 {
Tiviakov-Alterman, Beijing 97} (22. Ng3 {Schulz,A} Rc8 23. Nxh5 gxh5 24. b3 b5
25. Bd2 Bc3 26. Rhe1 Kf8 27. Re3 Bxd2 28. Rxd2 b4 29. f4 $16 {1-0 Tiviakov,
S-Alterman,B/Beijing 1997/CBM 61 (76)})) (19... Rh4 20. Bf2 Nf4 {wurde als
Verbesserung vorgeschlagen.}) 20. b3 Rh4 $13) 18... Bxd5 19. exd5 (19. Qxd5 Qc7
$13) 19... Qd7 20. b3 Rc7 21. Nxh5 (21. Bxa7 Rfc8 22. Rc1 Nxg3 23. hxg3 Qf5 24.
f4 $13) 21... gxh5 {Despite the broken pawn structure, it seems that Black has
good chances here. The weaknesses on the kingside are not so easy to exploit.}
22. Bd4 (22. Qd3 Rfc8 23. Rd2 a5 $1 $40) 22... Bxd4 23. Qxd4 Rfc8 24. Rd2 (24.
c4 $5 b5 25. cxb5 Qxb5 $13) 24... Qf5 25. Rc1 b5 {Black has little to fear now.
} (25... Qxf3 {Schulz,A} 26. Qxa7 b5 27. Qf2 $11) 26. f4 a5 27. Re2 Rc5 (27...
a4 {Schulz,A} 28. Qe4) 28. Qd2 (28. Rd2 $2 {Schulz,A} a4) 28... Rxd5 (28... b4
{Schulz,A} 29. Rxe7 Rxd5 30. Qe3 $11) 29. Qxa5 e6 1/2-1/2